01348nam a22003374a 4500001001100000003000800011006001900019007001500038008004100053010001700094020001500111040002100126035002000147050002500167082002100192100002100213245012800234260003700362300002500399500003600424504005400460533015200514650004500666650006000711655002900771700002900800700002200829710001700851856012500868999001700993ebr5002318CaPaEBRm u cr cn|||||||||990414s1999 caua sb 000 0 eng  z 99023519  z0833027484 aCaPaEBRcCaPaEBR a(OCoLC)4496432914aLC213.2b.V47 1999eb04a379.2/6/09732211 aVernez, Georges.10aClosing the education gaph[electronic resource] :bbenefits and costs /cGeorges Vernez, Richard A. Krop, C. Peter Rydell. aSanta Monica, CA :bRAND,c1999. axxvi, 198 p. :bill. a"MR-1036-EDU"--P. [4] of cover. aIncludes bibliographical references (p. 193-198). aElectronic reproduction.bPalo Alto, Calif. :cebrary,d2013.nAvailable via World Wide Web.nAccess may be limited to ebrary affiliated libraries. 0aEducational equalizationzUnited States. 0aMinoritiesxEducationxEconomic aspectszUnited States. 7aElectronic books.2local1 aKrop, Richard A.,d1962-1 aRydell, C. Peter.2 aebrary, Inc.40uhttp://site.ebrary.com/lib/rucke/Doc?id=5002318zAn electronic book accessible through the World Wide Web; click to view c16669d16669